Kjótsky protokol a jeho aplikácia pre SR bakalárska práca
Guardado en:
| Autor principal: | |
|---|---|
| Autor Corporativo: | |
| Otros Autores: | |
| Formato: | Capítulo de libro |
| Lenguaje: | eslovaco |
| Publicado: |
Košice
2010
|
| Etiquetas: |
Sin Etiquetas, Sea el primero en etiquetar este registro!
|
MARC
| LEADER | 00000naa a2200000 4500 | ||
|---|---|---|---|
| 001 | 0135244 | ||
| 005 | 20150416101005.8 | ||
| 041 | 0 | |a slo | |
| 044 | |a SK | ||
| 245 | 1 | 0 | |a Kjótsky protokol a jeho aplikácia pre SR |b bakalárska práca |c Jozef Varga ; školiteľ: Mária Andrejčíková |
| 264 | 1 | |a Košice |c 2010 | |
| 300 | |a 84 s. | ||
| 100 | 1 | |a Varga, Jozef | |
| 700 | 1 | |a Andrejčíková, Mária | |
| 710 | 2 | |a Podnikovohospodárska fakulta EU so sídlom v Košiciach. Katedra marketingu a obchodu | |